000 00696nam a2200265Ia 4500
005 20260302115258.0
008 008 260114s9999 xx 000 0 eng d
020 _a9798400613944
037 _aTextbook
040 _aCRL
040 _beng
040 _cCRL
041 _2eng
041 _aeng
084 _qCRL
100 _aUlrich Marzolph, Richard van Leeuwen
_91121199
245 4 _aThe Arabian Nights Encyclopedia [2 volumes]
260 _bABC-CLIO
260 _bBloomsbury
260 _c2004
650 _aLiterary Studies
856 _uhttps://doi.org/10.5040/9798400613944?locatt=label:secondary_bloomsburyCollections
942 _cEBOOK
999 _c1685617
_d1685617